Figuras del pasado. Gregorio Pacheco, ex Presidente de la República de Bolivia: rasgos biográficos

Shranjeno v:
Bibliografske podrobnosti
Glavni avtor: Mendoza, Jaime (autor)
Format: Knjiga
Jezik:španščina
Izdano: Santiago Sociedad Imprenta y Litografía Universo 1924
Izdaja:1a. ed
Teme:
Oznake: Označite
Brez oznak, prvi označite!

MARC

LEADER 00000nam a2200000 a 4500
001 UCJ4094
003 CL-VaPUC
008 070124e19240000CL |||||||||||||||||spa|d
082 0 4 |a 923  |b PAC  |2 21 
100 |a Mendoza, Jaime  |e autor  |9 511869 
245 1 0 |a Figuras del pasado. Gregorio Pacheco, ex Presidente de la República de Bolivia: rasgos biográficos 
250 |a 1a. ed 
300 |a 369 p 
942 |c BK 
945 |d 20070124 00:00:00  |a rinostro 
260 |a Santiago  |b Sociedad Imprenta y Litografía Universo  |c 1924 
500 |a Fotografía del Presidente Pacheco y diversos lugares de Bolivia 
600 0 7 |a PACHECO, GREGORIO  |2 CL-VaPUC  |9 507003 
600 0 7 |a CAMARGO G., GREGORIO  |2 CL-VaPUC  |9 507004 
600 0 7 |a BALLIVIAN, ADOLFO  |2 CL-VaPUC  |9 507005 
650 7 |a BIOGRAFIA  |2 CL-VaPUC  |9 504622 
650 7 |a DOCUMENTOS  |2 CL-VaPUC  |9 366450 
650 0 |a Iconografía   |9 267998 
650 7 |a PRESIDENTES DE BOLIVIA  |2 CL-VaPUC  |9 489749 
651 0 |a Bolivia  |9 255454 
651 0 |a Paraguay  |9 255336 
583 |a last modification  |c 20070124 00:00:00  |k Rodrigo Vera 
999 |c 320211  |d 320209 
952 |0 0  |1 0  |4 0  |6 923_000000000000000_PAC_1924  |7 0  |8 X  |9 398688  |a FDOBUD  |b FDOBUD  |d 2019-11-22  |i 1013386  |o 923 PAC 1924  |p 1013386  |r 2019-11-22  |w 2019-11-22  |y BK_X  |k BUD